|
|
|
|
| LEADER |
00690cam a2200181 7i4500 |
| 001 |
0000079670 |
| 005 |
20100208090000.0 |
| 020 |
# |
0 |
|a 9676109029
|
| 090 |
0 |
0 |
|a NA 6862
|b .A3 1999
|
| 100 |
0 |
# |
|a Adnan Haji Nawang
|
| 245 |
1 |
0 |
|a Stadium Merdeka & Stadium Negara meniti sejarah kegemilangan
|c Adnan Haji Nawang, Jatswan S. Sidhu.
|
| 260 |
# |
# |
|a Kuala Lumpur:
|b Utusan Publication & Distributors Sdn Bhd,
|c 1999.
|
| 300 |
# |
# |
|a xi, 183 p.:
|b ill.some col.;
|c 27cm..
|
| 650 |
0 |
0 |
|a Stadium Negara (Kuala Lumpur) --
|x History
|
| 650 |
0 |
0 |
|a Stadium --
|z Kuala Lumpur
|
| 650 |
0 |
0 |
|a Stadium Merdeka (Kuala Lumpur) --
|x History
|
| 700 |
0 |
1 |
|a Jatswan S. Sidhu
|
| 999 |
|
|
|a 1100076719
|b Book
|c Open Shelf
|e KOLEKSI TERBUKA
|